Presidentes posrevolucionarios de México - Estadísticas

Estadísticas generales
  • Esta prueba ha sido intentada 32 veces
  • La puntuación promedio es 20 de 30
Estadísticas de respuestas
Mandato no. Partido Presidente % Correcto
2018- 65º MORENA Andrés Manuel López Obrador
100%
2000-2006 62º PAN Vicente Fox Quesada
100%
1988-1994 60º PRI Carlos Salinas de Gortari
96%
2012-2018 64º PRI Enrique Peña Nieto
96%
1994-2000 61º PRI Ernesto Zedillo Ponce de León
96%
1934-1940 51º PNR Lázaro Cárdenas del Río
96%
2006-2012 63º PAN Felipe Calderón Hinojosa
92%
1982-1988 59º PRI Miguel de la Madrid Hurtado
92%
1970-1976 57º PRI Luis Echeverría Álvarez
85%
1924-1928 47º Partido Laborista Mexicano Plutarco Elías Calles
85%
1911-1913 37º Partido Constitucional Progresista Francisco I. Madero González
81%
1958-1964 55º PRI Adolfo López Mateos
77%
1920 45º Partido Liberal Constitucionalista Adolfo de la Huerta
73%
1964-1970 56º PRI Gustavo Díaz Ordaz
73%
1976-1982 58º PRI José López Portillo y Pacheco
73%
1913-1914 39º Independiente Victoriano Huerta Márquez
73%
1940-1946 52º PRM Manuel Ávila Camacho
69%
1917-1920 44º Partido Liberal Constitucionalista Venustiano Carranza
69%
1946-1952 53º PRI Miguel Alemán Valdés
65%
1952-1958 54º PRI Adolfo Ruiz Cortines
62%
1920-1924 46º Partido Laborista Mexicano Álvaro Obregón
62%
1930-1932 49º PNR Pascual Ortiz Rubio
50%
1932-1934 50º PNR Abelardo Rodríguez Luján
42%
1928-1932 48º Partido Laborista Mexicano Emilio Portes Gil
38%
1913 38º Partido Constitucional Progresista Pedro Lascuráin Paredes
38%
1911 36º Independiente Francisco León de la Barra
31%
1914-1915 41º Convencionista Eulalio Gutiérrez Ortiz
27%
1914 40º Independiente Francisco Carvajal
27%
1915 43º Convencionista Francisco Lagos Cházaro
23%
1915 42º Convencionista Roque González Garza
19%
No se encontraron pruebas coincidentes
Distribución de puntuación
Porcentaje de gente con cada puntuación
Porcentaje por número respondido
Historial de tus puntuaciones
No has intentado esta prueba.